• 首页
  • 本馆介绍
  • 公告通知
  • 最新文献
  • 馆藏检索
  • 电子资源
  • 读者导购
  • 参考咨询
  • 我的图书馆
  • 登录
  • 详细信息显示
  • 放入我的书架
  • 预约/预借图书
  • 作者相关作品
  • 分类相关作品
  • 丛书相关作品
  • 出版社相关作品

书目信息

  • 表格格式
  • 工作单格式
  • 卡片格式
题名:
中国审美文化
    
 
作者: 易存国 著
分册:  
出版信息: 上海   上海人民出版社  2001
页数: 287页
开本: 20cm
丛书名:
单 册:
中图分类: B83-092 , B83-0
科图分类:
主题词: 审美分析 , 审美分析--文化--研究--中国 , 美学
电子资源:
ISBN: 7-208-03885-6
000 00937nam0 2200277 450
001 1260298078
005 20090929093334.26
010    @a7-208-03885-6@dCNY16.80
100    @a20020222d2001 em y0chiy0110 ea
101 0  @achi
102    @aCN@b310000
105    @ay z 000yy
106    @ar
200 1  @a中国审美文化@Azhong guo shen mei wen hua@f易存国著
210    @a上海@c上海人民出版社@d2001
215    @a287页@d20cm
314    @a易存国(1963~),生于鄂、渝、陕交界的竹溪古城。现任南京师范大学文学院副教授,硕导。著有《固着与超越》等。
330    @a本书主要内容包括:文化概念与中国审美文化;中国文化中的审美精神;审美文化的分层;文化与审美文化;审美文化与审美文化学等。
606 0  @a审美分析
606 0  @a审美分析@x文化@x研究@y中国
606 0  @a美学
690    @aB83-092@v4
690    @aB83-0@v4
701  0 @a易存国@f(1963~)@Ayi cun guo@4著
801  0 @aCN@bNLC@c20020301
905    @a10447@dB83-0@eJY17
    
    中国审美文化/易存国著 .-上海:上海人民出版社,2001
    287页;20cm
    
    
    ISBN 7-208-03885-6:CNY16.80
    本书主要内容包括:文化概念与中国审美文化;中国文化中的审美精神;审美文化的分层;文化与审美文化;审美文化与审美文化学等。
●
相关链接 在E读中查询图书 在五车中查询图书 在当当中查询图书 在豆瓣中查询图书


正题名:中国审美文化     索取号:B83-0/JY17         预约/预借

序号 登录号 条形码 馆藏地/架位号 状态 备注
1 7829988   278299887   学院路分馆/ [索取号:B83-0/JY17] 在馆    
2 7829989   278299896   学院路分馆/ [索取号:B83-0/JY17] 在馆    
唐山师范学院图书馆 欢迎您!
大连网信软件有限公司© 版权所有